Ekonomické dimenzie zásob v podniku

V príspevku sú naznačené základné ekonomické dimenzie zásob v podniku. Zásoby ako zložka majetku podniku. Sledovanie vývoja obrátkovosti. Zásoby ako viazaný kapitál. Zásoby ako nosiče nákladov. Zásoby ako zložka hodnoty v podniku - nová moderná dimenzia, ktorá súvisí s moderným chápaním základných c...

Ausführliche Beschreibung

Gespeichert in:
Bibliographische Detailangaben
1. Verfasser: Majtán, Štefan
Format: Buchkapitel
Sprache:Slowakisch
Schlagworte:
Tags: Tag hinzufügen
Keine Tags, Fügen Sie das erste Tag hinzu!

MARC

LEADER 00000naa$a2200000$$$4500
001 0015150
005 20240502071401.2
041 0 |a slo 
044 |a SK 
245 1 0 |a Ekonomické dimenzie zásob v podniku  |c Štefan Majtán 
520 |a V príspevku sú naznačené základné ekonomické dimenzie zásob v podniku. Zásoby ako zložka majetku podniku. Sledovanie vývoja obrátkovosti. Zásoby ako viazaný kapitál. Zásoby ako nosiče nákladov. Zásoby ako zložka hodnoty v podniku - nová moderná dimenzia, ktorá súvisí s moderným chápaním základných cieľov podniku, resp. podnikania. Podnikový ekonóm sa musí vedieť zorientovať v dimenziách zásob v podniku. 
610 2 0 |a podnik 
610 2 0 |a zásoby 
100 1 |a Majtán, Štefan